| 000 | 00872nam a2200229Ia 4500 | ||
|---|---|---|---|
| 005 | 20250108124844.0 | ||
| 008 | 008 250107s9999 xx 000 0 hin d | ||
| 020 | _a81-85986-17-7 | ||
| 037 | _aTB | ||
| 040 |
_aCRL _bhin _cCRL |
||
| 041 |
_ahin _2hin |
||
| 084 | _aO152,1NRAx R2 | ||
| 084 | _qCRL | ||
| 100 | _aभंडारी, मन्नू, ले. | ||
| 245 | 0 |
_aमन्नू भंडारी की श्रेष्ठ कहानियां _cभंडारी, मन्नू, ले. |
|
| 260 |
_aनई दिल्ली, भारत _bनेश्नल बुक ट्रस्ट इंडिया _c2454 |
||
| 300 | _a188पृ0 | ||
| 365 |
_aINR _b199 |
||
| 650 |
_aहिन्दी कहानीहिन्दी साहित्य _9729733 |
||
| 942 |
_cTB _hO152,1NRAx R2 |
||
| 999 |
_c1234842 _d1234842 |
||